000
00307nam a22001337a 4500
020
_q
PB.
040
_c
FIZZA ISHAQ
082
_a
620.11
_b
RSK
100
_a
KHURMI, R.S.
_9
86473
245
_a
STRENGTH OF MATERIALS /
_c
R.S KHURMI.
260
_a
NEW DEHLI :
_c
2013.
300
_a
924 P. ;
942
_2
ddc
_c
BK
999
_c
587338
_d
587338